01228ngm a2200277 a 450000500170000000800410001708200200005824500860007825000190016430000620018349000430024550000900028850501410037865000520051970000320057170000340060370000340063774000790067194200200075026400420077033600270081233700330083933800280087204000350090099900150093520220317001304.0160825s1998 ck g 000 0 spa d04a791.4361bM14le10aLegalizacióncdirección Oscar Adrián Arango y Viviam Unashvideograbación a1a. edición  a1 videocasete en VHS (54 minutos)bsonido, color c20 cm  aLa maletapdocumentales Colombianos, 1 aLa película pertenece a la colección La Maleta. Dirigida para un público adulto aLa pesca del Pirarucú [videocasete] / dirección Jorge Mario Alvarez -- Ciudad a tres bandas [videocasete] / dirección Oscar Molina142LEMBaCine documental colombianovVideocasetes 1 aUnas, Viviam Stella,9687781 aArango, Oscar Adrián9687791 aÁlvarez, Jorge Mario968780 aLa pesca del Pirarucú [videocasete] aCiudad a tres bandas [videocasete] 2ddccVIDEOCASET aBogotábMinisterio de Culturac1998 atextobtxt2rdacontent asin mediaciónbn2rdamedia avolumenbnc2rdacarrier aCO-BoRNBPbspaerdacCO-BoRNBP c6502d6502